"RETAMALES, DENIS RUBÉN MAXIMILIANO S/ RESISTENCIA O DESOBEDIENCIA A UN FUNCIONARIO PÚBLICO" / (Record no. 1269)

MARC details
000 -CABECERA
Campo de control de longitud fija 01268nam a22003497a 4500
005 - FECHA Y HORA DE LA ULTIMA TRANSACCION (NR)
Campo de control 20260414115125.0
008 - ELEMENTOS DE LONGITUD FIJA -- INFORMACION GENERAL (NR)
Campo de control de longitud fija 260414b2026 ag ||||| |||| 00| 0 spa d
020 ## - TIPO DE RESOLUCION Y NUMERO
Número de Resolución TI Sentencia N° 17/26 fecha 10/4/26
Tipo de Resolución Sentencias
110 ## - ASIENTO PRINCIPAL--NOMBRE CORPORATIVO (NR)
Nombre corporativo o de jurisdicción como elemento de entrada (NR) Tribunal de Impugnación
9 (RLIN) 1
245 ## - CARATULA
Caratula "RETAMALES, DENIS RUBÉN MAXIMILIANO S/ RESISTENCIA O DESOBEDIENCIA A UN FUNCIONARIO PÚBLICO" /
Mención de responsabilidad, etc. (NR) Tribunal de Impugnación
300 ## - DESCRIPCION FISICA (R)
Extensión (R) 34 p.
Otros detalles físicos (NR) pdf
518 ## - NOTA DE FECHA/HORA Y LUGAR DE UN EVENTO (R)
Fecha de la Resolución (NR) 10/04/2026
653 ## - TERMINO DE INDIZACION - NO CONTROLADO (R)
Término de indización no controlado (R) DESOBEDIENCIA A UNA ORDEN JUDICIAL
653 ## - TERMINO DE INDIZACION - NO CONTROLADO (R)
Término de indización no controlado (R) ART. 239 CP
653 ## - TERMINO DE INDIZACION - NO CONTROLADO (R)
Término de indización no controlado (R) LESIONES LEVES
653 ## - TERMINO DE INDIZACION - NO CONTROLADO (R)
Término de indización no controlado (R) AGRAVANTE DE ARMA DE FUEGO ART. 41 BIS CP
653 ## - TERMINO DE INDIZACION - NO CONTROLADO (R)
Término de indización no controlado (R) VIOLENCIA DE GÉNERO
653 ## - TERMINO DE INDIZACION - NO CONTROLADO (R)
Término de indización no controlado (R) DEBIDO PROCESO
653 ## - TERMINO DE INDIZACION - NO CONTROLADO (R)
Término de indización no controlado (R) DERECHO DE DEFENSA EN JUICIO
653 ## - TERMINO DE INDIZACION - NO CONTROLADO (R)
Término de indización no controlado (R) ARBITRARIEDAD DE SENTENCIA
653 ## - TERMINO DE INDIZACION - NO CONTROLADO (R)
Término de indización no controlado (R) ACUERDO PLENO ART. 217 CPP
653 ## - TERMINO DE INDIZACION - NO CONTROLADO (R)
Término de indización no controlado (R) NULIDAD
653 ## - TERMINO DE INDIZACION - NO CONTROLADO (R)
Término de indización no controlado (R) REVISIÓN DE SENTENCIA CONDENATORIA
653 ## - TERMINO DE INDIZACION - NO CONTROLADO (R)
Término de indización no controlado (R) ART. 254 CPP
653 ## - TERMINO DE INDIZACION - NO CONTROLADO (R)
Término de indización no controlado (R) EXIMICIÓN EN COSTAS
700 ## - FIRMANTES - NOMBRE PERSONAL (R)
Nombre personal (NR) Juan Jose Nazareno Eulogio
9 (RLIN) 42
700 ## - FIRMANTES - NOMBRE PERSONAL (R)
Nombre personal (NR) Deiub, Liliana Beatriz
9 (RLIN) 5
700 ## - FIRMANTES - NOMBRE PERSONAL (R)
Nombre personal (NR) Trincheri, Walter Richard
9 (RLIN) 8
774 ## - NUMERO DE LEGAJO
Número de Legajo LEG 358266/25
856 ## - LOCALIZACION Y ACCESO ELECTRONICOS (R)
Identificador Uniforme del Recurso (“URI”) (R) <a href="http://jurispenal.jusneuquen.gov.ar/cgi-bin/koha/opac-retrieve-file.pl?id=cec7861a37c9f1a3b64668b15d21f4a6">http://jurispenal.jusneuquen.gov.ar/cgi-bin/koha/opac-retrieve-file.pl?id=cec7861a37c9f1a3b64668b15d21f4a6</a>
Texto del vínculo (R) texto completo
942 ## - Elementos Agregados (KOHA)
Fuente de clasificación o esquema de estanterías Dewey Decimal Classification
Tipo de material Koha (Default) Sentencias

No items available.